| 000 | 01212nam a22002297a 4500 | ||
|---|---|---|---|
| 999 |
_c58037 _d58037 |
||
| 003 | Ge_BSU | ||
| 005 | 20210518155931.0 | ||
| 008 | 210518s2006 ge ||||| |||| 00| 0 geo d | ||
| 041 | _ageo | ||
| 080 | _a621.38 + 539.2](076.5) მ-69 | ||
| 100 |
_aმინაშვილი, თ. _911830 |
||
| 245 |
_aმყარსხეულოვანი ელექტრონიკის ფიზიკური საფუძვლები : _bლაბორატორიული სამუშაოები / _cთ. მინაშვილი, რ. ჩიქოვანი, ი. ტრაპაიძე ; [რედ. ე. გიორგაძე]. |
||
| 264 |
_aთბ. : _bტექნ. უნ-ტი, _c2006. |
||
| 300 |
_a88 გვ. : _bნახ. ; _c20 სმ. |
||
| 504 | _aბიბლიოგრ.: გვ. 86. | ||
| 653 | _aმყარი სხეულების ფიზიკა | ||
| 653 | _aელექტრონიკა. | ||
| 700 |
_aჩიქოვანი, რ., _eავტორი _911831 |
||
| 700 |
_aტრაპაიძე, ი. _eავტორი _911832 |
||
| 700 |
_aგიორგაძე, ე. _eრედაქტორი. _9398 |
||
| 942 |
_2udc _cBK |
||